Statystyki dla wyspy europy

Kliknij tutaj aby rozwiązać quiz!

Ogólne statystyki

  • Ten quiz został rozwiązany 245 razy
  • Średni wynik to 2 z 28

Odpowiedzi na mapie

Odpowiedzi skodowane kolorowo w zielono-czerwonej skali na mapie do tego quizu, zgodnie z poniższymi procentami.
 

Statystyki odpowiedzi

Odpowiedź% Poprawnych
Baleary
43%
Cypr
14%
Eubea
13%
Bornholm
8%
Fionia
7%
Kreta
7%
Irlandia
6%
Sycylia
6%
Korsyka
5%
Malta
5%
Nowa Ziemia
5%
Gotlandia
4%
Hebrydy
4%
Orkady
4%
Rodos
4%
Olandia
3%
Rugia
3%
Sardynia
3%
Wielka Brytania
3%
Wolin
3%
Szetlandy
2%
Szpicbergen
2%
Uznam
2%
W-y Owcze
2%
Zelandia
2%
Zelandia
2%
W-y Alandzkie
1%
Ziemia Franciszka Józefa
1%

Rozkład punktacji

Percentyl według liczby udzielonych odpowiedzi

Procent ludzi z każdym wynikiem

Twoja historia wyników

Nie rozwiązałeś tego quizu